000 00246nam a2200109Ia 4500
999 _c8004
_d8004
020 _a978-1861001207
100 _aGrimes, Richard
245 0 _aBeginning ATL 3 COM Programming
260 _aindia
_bMcGraw Hill
_c2000
300 _a1233
942 _cBK